[Event "World Chess Olympiad 2018"]
[Site "Batumi"]
[Date "2018.09.30"]
[Round "6"]
[Board "1"]
[WhiteFideId "408697"]
[White "Richards Heather S"]
[BlackFideId "937266"]
[Black "Rapport Jovana"]
[Result "0-1"]
[LiveChessVersion "1.4.8"]
[BlackElo "2348"]
[WhiteElo "2259"]

1. e4 {[%clk 1:30:57]} c6 {[%clk 1:30:50]} 2. d4 {[%clk 1:31:21]} d5
{[%clk 1:31:09]} 3. Nc3 {[%clk 1:31:42]} dxe4 {[%clk 1:30:55]} 4. Nxe4
{[%clk 1:32:04]} Nf6 {[%clk 1:31:22]} 5. Nxf6+ {[%clk 1:32:25]} exf6
{[%clk 1:31:51]} 6. c3 {[%clk 1:32:42]} Bd6 {[%clk 1:32:10]} 7. Bd3
{[%clk 1:32:59]} O-O {[%clk 1:32:33]} 8. Qc2 {[%clk 1:33:20]} Re8+
{[%clk 1:32:58]} 9. Ne2 {[%clk 1:33:44]} Kh8 {[%clk 1:33:20]} 10. Be3
{[%clk 1:33:23]} Nd7 {[%clk 1:33:03]} 11. O-O-O {[%clk 1:33:42]} Nf8
{[%clk 1:33:29]} 12. Rhg1 {[%clk 1:31:06]} Be6 {[%clk 1:31:42]} 13. Kb1
{[%clk 1:27:39]} b5 {[%clk 1:31:56]} 14. g4 {[%clk 1:27:23]} Qd7 {[%clk 1:26:43]}
15. g5 {[%clk 0:53:21]} f5 {[%clk 1:25:51]} 16. d5 {[%clk 0:50:59]} Bxd5
{[%clk 1:10:36]} 17. Bxf5 {[%clk 0:51:17]} Qc7 {[%clk 1:11:05]} 18. Rg4
{[%clk 0:45:00]} Ng6 {[%clk 1:09:34]} 19. Nd4 {[%clk 0:37:58]} a6
{[%clk 1:01:55]} 20. Be4 {[%clk 0:32:38]} Bxe4 {[%clk 0:55:26]} 21. Rxe4
{[%clk 0:29:54]} Bxh2 {[%clk 0:47:52]} 22. Rh1 {[%clk 0:27:56]} Bd6
{[%clk 0:45:38]} 23. Nf5 {[%clk 0:24:04]} c5 {[%clk 0:42:52]} 24. Qd3
{[%clk 0:13:23]} Rxe4 {[%clk 0:37:54]} 25. Qxe4 {[%clk 0:13:43]} Rd8
{[%clk 0:38:18]} 26. b4 {[%clk 0:07:06]} cxb4 {[%clk 0:25:31]} 27. Bd4
{[%clk 0:07:19]} Bf8 {[%clk 0:25:19]} 28. cxb4 {[%clk 0:03:46]} Qc4
{[%clk 0:24:57]} 29. a3 {[%clk 0:02:57]} Qb3+ {[%clk 0:23:07]} 30. Bb2
{[%clk 0:03:22]} Rd2 {[%clk 0:23:15]} 0-1

[Event "World Chess Olympiad 2018"]
[Site "Batumi"]
[Date "2018.09.30"]
[Round "6"]
[Board "2"]
[WhiteFideId "938238"]
[White "Eric Jovana"]
[BlackFideId "4127714"]
[Black "Ryjanova Julia"]
[Result "1-0"]
[LiveChessVersion "1.4.8"]
[BlackElo "2330"]
[WhiteElo "2261"]

1. e4 {[%clk 1:30:56]} c5 {[%clk 1:30:53]} 2. Nf3 {[%clk 1:31:15]} g6
{[%clk 1:30:57]} 3. d4 {[%clk 1:31:28]} cxd4 {[%clk 1:31:19]} 4. Nxd4
{[%clk 1:31:52]} Bg7 {[%clk 1:31:35]} 5. Nc3 {[%clk 1:31:42]} Nc6
{[%clk 1:31:55]} 6. Be3 {[%clk 1:32:00]} Nf6 {[%clk 1:32:15]} 7. Bc4
{[%clk 1:31:57]} d6 {[%clk 1:31:49]} 8. f3 {[%clk 1:30:24]} Bd7 {[%clk 1:31:50]}
9. Bb3 {[%clk 1:29:38]} Rc8 {[%clk 1:27:19]} 10. Qd2 {[%clk 1:29:00]} h5
{[%clk 1:27:33]} 11. O-O-O {[%clk 1:25:49]} Na5 {[%clk 1:25:31]} 12. Kb1
{[%clk 1:23:15]} Nc4 {[%clk 1:22:40]} 13. Bxc4 {[%clk 1:23:40]} Rxc4
{[%clk 1:23:02]} 14. Qd3 {[%clk 1:18:14]} Qc8 {[%clk 1:22:03]} 15. Rhe1
{[%clk 1:12:57]} a6 {[%clk 1:14:40]} 16. Nb3 {[%clk 1:03:55]} Be6
{[%clk 0:49:32]} 17. Bd4 {[%clk 0:56:59]} O-O {[%clk 0:43:40]} 18. h3
{[%clk 0:52:04]} Qc7 {[%clk 0:24:48]} 19. g4 {[%clk 0:51:39]} Rc8
{[%clk 0:24:28]} 20. f4 {[%clk 0:41:27]} Rb4 {[%clk 0:08:15]} 21. e5
{[%clk 0:35:32]} dxe5 {[%clk 0:06:34]} 22. Bxe5 {[%clk 0:33:39]} Qc4
{[%clk 0:05:44]} 23. Qg3 {[%clk 0:31:09]} a5 {[%clk 0:02:44]} 24. f5
{[%clk 0:27:17]} gxf5 {[%clk 0:01:13]} 25. Rd4 {[%clk 0:25:35]} Qa6
{[%clk 0:00:57]} 26. Bxf6 {[%clk 0:22:48]} f4 {[%clk 0:01:09]} 27. Rxf4
{[%clk 0:21:27]} Rxf4 {[%clk 0:00:48]} 28. Bxg7 {[%clk 0:21:38]} Rf1
{[%clk 0:00:42]} 29. Bd4 {[%clk 0:20:52]} hxg4 {[%clk 0:00:49]} 30. hxg4
{[%clk 0:19:34]} a4 {[%clk 0:01:10]} 31. Nc1 {[%clk 0:19:11]} Rd8
{[%clk 0:00:59]} 32. Qh3 {[%clk 0:19:08]} Rxd4 {[%clk 0:01:01]} 33. Rxf1
{[%clk 0:19:27]} Bxg4 {[%clk 0:00:57]} 34. Rg1 {[%clk 0:17:59]} f5
{[%clk 0:00:48]} 35. Qe3 {[%clk 0:18:23]} Qf6 {[%clk 0:00:49]} 36. N1e2
{[%clk 0:16:48]} Rb4 {[%clk 0:01:07]} 37. a3 {[%clk 0:17:14]} Rb6
{[%clk 0:00:48]} 38. Nf4 {[%clk 0:16:54]} Qd6 {[%clk 0:00:39]} 39. Nfd5
{[%clk 0:16:45]} Ra6 {[%clk 0:00:40]} 40. Nxe7+ {[%clk 0:46:37]} Kf7
{[%clk 0:30:59]} 41. Ned5 {[%clk 0:45:08]} Ra5 {[%clk 0:29:12]} 42. Qd4
{[%clk 0:39:13]} Rc5 {[%clk 0:27:59]} 43. Rh1 {[%clk 0:38:21]} Qf8
{[%clk 0:12:10]} 44. Qf6+ {[%clk 0:38:25]} 1-0

[Event "World Chess Olympiad 2018"]
[Site "Batumi"]
[Date "2018.09.30"]
[Round "6"]
[Board "3"]
[WhiteFideId "8602867"]
[White "Zhang Jilin"]
[BlackFideId "913553"]
[Black "Velikic Adela"]
[Result "1/2-1/2"]
[LiveChessVersion "1.4.8"]
[BlackElo "2339"]
[WhiteElo "2224"]

1. e4 {[%clk 1:30:57]} e6 {[%clk 1:30:55]} 2. d4 {[%clk 1:31:10]} d5
{[%clk 1:31:20]} 3. Nc3 {[%clk 1:30:42]} Nf6 {[%clk 1:31:40]} 4. e5
{[%clk 1:30:21]} Nfd7 {[%clk 1:32:04]} 5. Nf3 {[%clk 1:30:22]} c5
{[%clk 1:31:43]} 6. dxc5 {[%clk 1:30:17]} Bxc5 {[%clk 1:30:13]} 7. Bd3
{[%clk 1:28:31]} Nc6 {[%clk 1:29:53]} 8. Bf4 {[%clk 1:28:29]} h6 {[%clk 1:28:32]}
9. Bg3 {[%clk 1:23:06]} a6 {[%clk 1:25:03]} 10. Ne2 {[%clk 1:11:48]} Qc7
{[%clk 1:20:12]} 11. c4 {[%clk 1:01:43]} Bb4+ {[%clk 1:15:04]} 12. Kf1
{[%clk 0:58:54]} dxc4 {[%clk 1:13:53]} 13. Bxc4 {[%clk 0:58:33]} O-O
{[%clk 1:09:37]} 14. Rc1 {[%clk 0:56:48]} Be7 {[%clk 0:59:33]} 15. Ned4
{[%clk 0:47:40]} Nxd4 {[%clk 0:57:15]} 16. Nxd4 {[%clk 0:48:03]} Qb6
{[%clk 0:55:02]} 17. Nb3 {[%clk 0:42:50]} Rd8 {[%clk 0:48:08]} 18. Qe2
{[%clk 0:37:44]} Nc5 {[%clk 0:42:38]} 19. Nxc5 {[%clk 0:25:13]} Bxc5
{[%clk 0:42:56]} 20. h4 {[%clk 0:22:49]} Bd4 {[%clk 0:29:10]} 21. b3
{[%clk 0:21:33]} Qb4 {[%clk 0:24:10]} 22. Bd3 {[%clk 0:16:43]} Kf8
{[%clk 0:18:09]} 23. h5 {[%clk 0:16:04]} Qa3 {[%clk 0:17:27]} 24. Rd1
{[%clk 0:13:56]} Qb2 {[%clk 0:16:13]} 25. Rh4 {[%clk 0:11:40]} Bd7
{[%clk 0:14:53]} 26. Rxd4 {[%clk 0:03:36]} Qxd4 {[%clk 0:15:01]} 27. Bc4
{[%clk 0:04:05]} Qb6 {[%clk 0:06:07]} 28. Bh4 {[%clk 0:04:30]} Bc6
{[%clk 0:05:46]} 29. Bxd8 {[%clk 0:02:42]} Rxd8 {[%clk 0:06:15]} 30. Rd2
{[%clk 0:01:03]} Qa5 {[%clk 0:05:37]} 31. b4 {[%clk 0:00:43]} Qc7
{[%clk 0:06:00]} 32. Rxd8+ {[%clk 0:00:35]} Qxd8 {[%clk 0:06:29]} 33. Qd3
{[%clk 0:00:37]} Qxd3+ {[%clk 0:02:23]} 34. Bxd3 {[%clk 0:01:06]} Ke7
{[%clk 0:02:24]} 35. f4 {[%clk 0:01:01]} Kd7 {[%clk 0:01:59]} 36. Kf2
{[%clk 0:01:15]} Bd5 {[%clk 0:01:48]} 37. a3 {[%clk 0:01:43]} Kc6
{[%clk 0:01:36]} 38. g4 {[%clk 0:01:58]} Bb3 {[%clk 0:01:13]} 39. Be4+
{[%clk 0:01:18]} Bd5 {[%clk 0:01:01]} 40. Ke3 {[%clk 0:30:47]} b6
{[%clk 0:30:35]} 41. Kd4 {[%clk 0:21:13]} Bxe4 {[%clk 0:30:08]} 42. Kxe4
{[%clk 0:18:12]} Kd7 {[%clk 0:27:36]} 43. g5 {[%clk 0:16:00]} Kc6
{[%clk 0:20:34]} 44. Kd4 {[%clk 0:12:49]} b5 {[%clk 0:14:42]} 45. Ke4
{[%clk 0:09:52]} Kd7 {[%clk 0:15:03]} 46. Kd4 {[%clk 0:09:21]} Kc6
{[%clk 0:15:26]} 47. Ke4 {[%clk 0:08:53]} Kd7 {[%clk 0:15:49]} 1/2-1/2

[Event "World Chess Olympiad 2018"]
[Site "Batumi"]
[Date "2018.09.30"]
[Round "6"]
[Board "4"]
[WhiteFideId "932400"]
[White "Injac Teodora"]
[BlackFideId "3201937"]
[Black "Berezina Irina"]
[Result "0-1"]
[LiveChessVersion "1.4.8"]
[BlackElo "2112"]
[WhiteElo "2241"]

1. d4 {[%clk 1:30:57]} Nf6 {[%clk 1:30:53]} 2. Nf3 {[%clk 1:31:12]} g6
{[%clk 1:31:11]} 3. c4 {[%clk 1:31:37]} Bg7 {[%clk 1:31:35]} 4. Nc3
{[%clk 1:32:02]} d6 {[%clk 1:31:54]} 5. e4 {[%clk 1:32:27]} O-O {[%clk 1:32:12]}
6. Be2 {[%clk 1:32:44]} Na6 {[%clk 1:32:03]} 7. O-O {[%clk 1:30:55]} e5
{[%clk 1:31:32]} 8. Be3 {[%clk 1:30:47]} Ng4 {[%clk 1:27:10]} 9. Bg5
{[%clk 1:31:12]} Qe8 {[%clk 1:27:01]} 10. h3 {[%clk 1:26:50]} h6 {[%clk 1:24:52]}
11. Bc1 {[%clk 1:22:59]} Nf6 {[%clk 1:18:59]} 12. dxe5 {[%clk 1:23:03]} dxe5
{[%clk 1:19:14]} 13. Be3 {[%clk 1:23:22]} Qe7 {[%clk 1:15:48]} 14. Nd5
{[%clk 1:15:13]} Qd8 {[%clk 1:13:18]} 15. Qc1 {[%clk 1:02:49]} Kh7
{[%clk 1:01:36]} 16. Rd1 {[%clk 0:51:52]} Nd7 {[%clk 0:56:16]} 17. c5
{[%clk 0:45:15]} c6 {[%clk 0:54:19]} 18. Nc3 {[%clk 0:41:33]} Nc7
{[%clk 0:51:18]} 19. b4 {[%clk 0:40:34]} Qe7 {[%clk 0:50:02]} 20. Nd2
{[%clk 0:37:56]} Ne6 {[%clk 0:47:14]} 21. Nb3 {[%clk 0:38:20]} f5
{[%clk 0:43:36]} 22. f3 {[%clk 0:37:06]} f4 {[%clk 0:30:30]} 23. Bf2
{[%clk 0:37:27]} Bf6 {[%clk 0:30:39]} 24. Rd6 {[%clk 0:36:06]} Ng5
{[%clk 0:28:30]} 25. b5 {[%clk 0:25:39]} Nb8 {[%clk 0:24:35]} 26. bxc6
{[%clk 0:21:21]} bxc6 {[%clk 0:24:12]} 27. Na5 {[%clk 0:21:02]} Qe8
{[%clk 0:12:01]} 28. Qb2 {[%clk 0:11:00]} Be7 {[%clk 0:10:00]} 29. Rd2
{[%clk 0:11:15]} Ne6 {[%clk 0:08:32]} 30. Na4 {[%clk 0:09:05]} Na6
{[%clk 0:05:47]} 31. Nb7 {[%clk 0:06:59]} Bxb7 {[%clk 0:04:57]} 32. Qxb7
{[%clk 0:07:28]} Nac7 {[%clk 0:05:09]} 33. Rb1 {[%clk 0:05:21]} Kh8
{[%clk 0:03:17]} 34. Qb2 {[%clk 0:03:52]} Bf6 {[%clk 0:03:22]} 35. Bc4
{[%clk 0:01:50]} Qe7 {[%clk 0:02:41]} 36. Rd6 {[%clk 0:01:58]} Rfd8
{[%clk 0:01:38]} 37. Rbd1 {[%clk 0:01:01]} Nd4 {[%clk 0:01:29]} 38. Rxd8+
{[%clk 0:00:35]} Rxd8 {[%clk 0:01:52]} 39. Bxd4 {[%clk 0:00:40]} exd4
{[%clk 0:01:40]} 40. Qb7 {[%clk 0:30:41]} d3 {[%clk 0:30:40]} 41. Rxd3
{[%clk 0:20:16]} Rxd3 {[%clk 0:27:04]} 42. Bxd3 {[%clk 0:20:43]} Qd7
{[%clk 0:22:46]} 43. Kh2 {[%clk 0:18:03]} Be5 {[%clk 0:12:12]} 44. Qb8+
{[%clk 0:15:22]} Kg7 {[%clk 0:11:55]} 45. Bc4 {[%clk 0:15:23]} Qe7
{[%clk 0:07:03]} 46. Qg8+ {[%clk 0:12:59]} Kf6 {[%clk 0:07:21]} 47. h4
{[%clk 0:09:47]} h5 {[%clk 0:05:03]} 48. Kg1 {[%clk 0:06:00]} Ne8
{[%clk 0:03:23]} 49. Qh8+ {[%clk 0:05:46]} Ng7 {[%clk 0:03:46]} 50. Qh6
{[%clk 0:05:58]} Ne6 {[%clk 0:03:22]} 51. Bxe6 {[%clk 0:04:17]} Qxe6
{[%clk 0:03:30]} 52. Qf8+ {[%clk 0:04:42]} Qf7 {[%clk 0:03:49]} 53. Qxf7+
{[%clk 0:04:17]} Kxf7 {[%clk 0:04:14]} 54. Kf2 {[%clk 0:04:21]} Ke6
{[%clk 0:04:27]} 55. Ke2 {[%clk 0:04:27]} Bf6 {[%clk 0:04:32]} 56. Kd3
{[%clk 0:04:08]} Bxh4 {[%clk 0:04:49]} 57. Nb2 {[%clk 0:03:00]} Be1
{[%clk 0:04:14]} 58. Kc4 {[%clk 0:01:36]} g5 {[%clk 0:04:32]} 59. Nd3
{[%clk 0:01:59]} Bd2 {[%clk 0:04:47]} 60. Nf2 {[%clk 0:00:50]} Be3
{[%clk 0:04:10]} 61. Nd3 {[%clk 0:00:58]} g4 {[%clk 0:04:05]} 62. fxg4
{[%clk 0:01:04]} hxg4 {[%clk 0:04:30]} 63. Ne1 {[%clk 0:00:46]} Ke5
{[%clk 0:04:20]} 64. Kd3 {[%clk 0:00:35]} Bxc5 {[%clk 0:04:42]} 65. a4
{[%clk 0:00:57]} Bf2 {[%clk 0:04:13]} 66. Nc2 {[%clk 0:01:26]} Bc5
{[%clk 0:04:05]} 67. Ne1 {[%clk 0:01:30]} a5 {[%clk 0:03:56]} 68. Nc2
{[%clk 0:01:32]} f3 {[%clk 0:04:00]} 69. gxf3 {[%clk 0:01:48]} gxf3
{[%clk 0:03:59]} 70. Ne3 {[%clk 0:02:15]} Bxe3 {[%clk 0:04:00]} 0-1

[Event "World Chess Olympiad 2018"]
[Site "Batumi"]
[Date "2018.09.30"]
[Round "6"]
[Board "1"]
[WhiteFideId "3208923"]
[White "Smirnov Anton"]
[BlackFideId "703303"]
[Black "Leko Peter"]
[Result "1/2-1/2"]
[LiveChessVersion "1.4.8"]
[BlackElo "2690"]
[WhiteElo "2549"]

1. e4 {[%clk 1:30:51]} e5 {[%clk 1:30:53]} 2. Nf3 {[%clk 1:31:17]} Nc6
{[%clk 1:31:16]} 3. Nc3 {[%clk 1:31:43]} Nf6 {[%clk 1:31:37]} 4. d4
{[%clk 1:32:08]} exd4 {[%clk 1:32:00]} 5. Nxd4 {[%clk 1:32:34]} Bb4
{[%clk 1:32:17]} 6. Nxc6 {[%clk 1:32:59]} bxc6 {[%clk 1:32:39]} 7. Bd3
{[%clk 1:33:23]} O-O {[%clk 1:31:34]} 8. O-O {[%clk 1:33:46]} d5 {[%clk 1:31:58]}
9. exd5 {[%clk 1:34:11]} cxd5 {[%clk 1:32:17]} 10. h3 {[%clk 1:34:36]} c6
{[%clk 1:29:18]} 11. Qf3 {[%clk 1:34:57]} Bd6 {[%clk 1:13:51]} 12. Bf4
{[%clk 1:33:48]} Be6 {[%clk 1:07:56]} 13. Rfe1 {[%clk 1:24:19]} Rb8
{[%clk 0:57:54]} 14. b3 {[%clk 1:22:41]} Bxf4 {[%clk 0:50:39]} 15. Qxf4
{[%clk 1:23:01]} a5 {[%clk 0:51:05]} 16. Ne2 {[%clk 1:15:02]} Rb4
{[%clk 0:45:37]} 17. Nd4 {[%clk 1:09:48]} Bd7 {[%clk 0:33:23]} 18. c3
{[%clk 1:09:25]} Rb7 {[%clk 0:28:05]} 19. c4 {[%clk 1:00:11]} c5 {[%clk 0:24:45]}
20. Nf5 {[%clk 0:50:47]} Bxf5 {[%clk 0:24:36]} 21. Qxf5 {[%clk 0:50:36]} Rd7
{[%clk 0:23:53]} 22. Re5 {[%clk 0:49:13]} Re8 {[%clk 0:20:18]} 23. Rae1
{[%clk 0:45:24]} g6 {[%clk 0:19:53]} 24. Rxe8+ {[%clk 0:41:38]} Nxe8
{[%clk 0:20:22]} 25. Qf3 {[%clk 0:31:04]} d4 {[%clk 0:11:54]} 26. Re5
{[%clk 0:28:51]} Rc7 {[%clk 0:05:31]} 27. Qd5 {[%clk 0:23:51]} Qc8
{[%clk 0:05:50]} 28. f4 {[%clk 0:23:03]} Nf6 {[%clk 0:05:39]} 29. Qf3
{[%clk 0:23:28]} Rc6 {[%clk 0:03:46]} 30. f5 {[%clk 0:21:45]} Qc7
{[%clk 0:03:10]} 31. Qf4 {[%clk 0:17:35]} Kg7 {[%clk 0:03:19]} 32. Qh2
{[%clk 0:12:53]} 1/2-1/2

[Event "World Chess Olympiad 2018"]
[Site "Batumi"]
[Date "2018.09.30"]
[Round "6"]
[Board "2"]
[WhiteFideId "719978"]
[White "Erdos Viktor"]
[BlackFideId "3202534"]
[Black "Zhao Zong-Yuan"]
[Result "1/2-1/2"]
[LiveChessVersion "1.4.8"]
[BlackElo "2523"]
[WhiteElo "2609"]

1. Nf3 {[%clk 1:30:50]} d5 {[%clk 1:30:47]} 2. d4 {[%clk 1:31:00]} Nf6
{[%clk 1:31:02]} 3. c4 {[%clk 1:31:23]} e6 {[%clk 1:31:28]} 4. Nc3
{[%clk 1:31:43]} Bb4 {[%clk 1:31:53]} 5. Bg5 {[%clk 1:31:35]} h6 {[%clk 1:31:48]}
6. Bxf6 {[%clk 1:31:51]} Qxf6 {[%clk 1:32:14]} 7. e3 {[%clk 1:32:09]} O-O
{[%clk 1:31:52]} 8. Rc1 {[%clk 1:32:35]} dxc4 {[%clk 1:28:43]} 9. Bxc4
{[%clk 1:32:56]} c5 {[%clk 1:28:28]} 10. O-O {[%clk 1:33:09]} cxd4
{[%clk 1:27:04]} 11. Ne4 {[%clk 1:32:59]} Qd8 {[%clk 1:11:11]} 12. exd4
{[%clk 0:55:09]} Nc6 {[%clk 0:36:03]} 13. d5 {[%clk 0:51:17]} exd5
{[%clk 0:36:22]} 14. Bxd5 {[%clk 0:51:38]} Qb6 {[%clk 0:32:20]} 15. Qb3
{[%clk 0:25:22]} Be7 {[%clk 0:27:25]} 16. Qxb6 {[%clk 0:24:14]} axb6
{[%clk 0:27:53]} 17. a3 {[%clk 0:22:03]} Bd7 {[%clk 0:26:04]} 18. Nfd2
{[%clk 0:13:43]} Rfd8 {[%clk 0:17:34]} 19. Nc4 {[%clk 0:13:30]} Be8
{[%clk 0:13:33]} 20. Rfd1 {[%clk 0:13:36]} b5 {[%clk 0:12:53]} 21. Ne3
{[%clk 0:14:02]} Rd7 {[%clk 0:06:34]} 22. h3 {[%clk 0:11:16]} Kf8
{[%clk 0:04:27]} 23. Nc5 {[%clk 0:04:52]} Bxc5 {[%clk 0:04:53]} 24. Rxc5
{[%clk 0:05:19]} b4 {[%clk 0:04:36]} 25. Ra1 {[%clk 0:04:50]} bxa3
{[%clk 0:04:09]} 26. Rxa3 {[%clk 0:05:05]} Rxa3 {[%clk 0:04:23]} 27. bxa3
{[%clk 0:05:31]} Ne7 {[%clk 0:04:37]} 28. Bf3 {[%clk 0:05:36]} Rd3
{[%clk 0:04:11]} 29. Ra5 {[%clk 0:03:28]} Nc6 {[%clk 0:03:45]} 30. Ra8
{[%clk 0:03:49]} Rd8 {[%clk 0:04:04]} 1/2-1/2

[Event "World Chess Olympiad 2018"]
[Site "Batumi"]
[Date "2018.09.30"]
[Round "6"]
[Board "3"]
[WhiteFideId "4300033"]
[White "Cheng Bobby"]
[BlackFideId "712779"]
[Black "Gledura Benjamin"]
[Result "0-1"]
[LiveChessVersion "1.4.8"]
[BlackElo "2621"]
[WhiteElo "2507"]

1. b3 {[%clk 1:30:50]} d5 {[%clk 1:29:28]} 2. Bb2 {[%clk 1:31:08]} Nf6
{[%clk 1:29:28]} 3. Nf3 {[%clk 1:31:14]} Bg4 {[%clk 1:28:46]} 4. g3
{[%clk 1:22:49]} Bxf3 {[%clk 1:25:22]} 5. exf3 {[%clk 1:23:14]} e6
{[%clk 1:24:32]} 6. Bg2 {[%clk 1:22:01]} Be7 {[%clk 1:23:59]} 7. O-O
{[%clk 1:22:24]} O-O {[%clk 1:24:16]} 8. f4 {[%clk 1:21:25]} Ne8 {[%clk 1:22:01]}
9. f5 {[%clk 0:55:50]} exf5 {[%clk 1:17:38]} 10. Qf3 {[%clk 0:55:45]} Bf6
{[%clk 1:16:01]} 11. Nc3 {[%clk 0:35:56]} c6 {[%clk 1:11:00]} 12. Qxf5
{[%clk 0:31:07]} Nd6 {[%clk 1:09:50]} 13. Qg4 {[%clk 0:31:32]} a5
{[%clk 1:05:46]} 14. Rae1 {[%clk 0:23:01]} Na6 {[%clk 1:05:04]} 15. Qd1
{[%clk 0:22:42]} b5 {[%clk 1:03:49]} 16. Qb1 {[%clk 0:20:43]} a4 {[%clk 0:57:23]}
17. Ne2 {[%clk 0:20:00]} axb3 {[%clk 0:49:47]} 18. axb3 {[%clk 0:20:26]} Nc5
{[%clk 0:49:59]} 19. Nd4 {[%clk 0:17:58]} Ra6 {[%clk 0:44:53]} 20. Re2
{[%clk 0:17:55]} b4 {[%clk 0:43:40]} 21. Bh3 {[%clk 0:13:58]} Nce4
{[%clk 0:41:48]} 22. Bg4 {[%clk 0:08:25]} g6 {[%clk 0:35:25]} 23. Nf3
{[%clk 0:06:49]} Nb5 {[%clk 0:33:54]} 24. Rfe1 {[%clk 0:06:06]} Qd6
{[%clk 0:34:05]} 25. Qc1 {[%clk 0:03:40]} Rfa8 {[%clk 0:32:59]} 26. Kg2
{[%clk 0:02:05]} h5 {[%clk 0:22:28]} 27. Bh3 {[%clk 0:02:32]} Kg7
{[%clk 0:21:28]} 28. Bxf6+ {[%clk 0:02:14]} Qxf6 {[%clk 0:21:50]} 29. d3
{[%clk 0:02:27]} Ra1 {[%clk 0:19:46]} 30. Qe3 {[%clk 0:02:35]} Nec3
{[%clk 0:20:08]} 31. Rxa1 {[%clk 0:01:11]} Rxa1 {[%clk 0:20:32]} 32. Re1
{[%clk 0:00:50]} Rxe1 {[%clk 0:19:19]} 33. Qxe1 {[%clk 0:00:44]} g5
{[%clk 0:19:36]} 34. Bd7 {[%clk 0:00:53]} g4 {[%clk 0:19:48]} 35. Nh4
{[%clk 0:00:47]} Nd4 {[%clk 0:19:37]} 36. Qe3 {[%clk 0:01:03]} Nxc2
{[%clk 0:17:54]} 37. Qe8 {[%clk 0:01:16]} Nd4 {[%clk 0:16:03]} 38. h3
{[%clk 0:01:44]} gxh3+ {[%clk 0:15:06]} 39. Bxh3 {[%clk 0:02:09]} Ncb5
{[%clk 0:14:59]} 40. Qb8 {[%clk 0:31:08]} Qd6 {[%clk 0:41:46]} 41. Qe8
{[%clk 0:29:34]} c5 {[%clk 0:38:53]} 42. Bd7 {[%clk 0:25:11]} Nc7
{[%clk 0:38:33]} 43. Qc8 {[%clk 0:25:34]} Qe5 {[%clk 0:30:08]} 44. Qb8
{[%clk 0:24:34]} Qd6 {[%clk 0:29:42]} 45. Qc8 {[%clk 0:24:13]} c4
{[%clk 0:26:20]} 46. dxc4 {[%clk 0:18:22]} dxc4 {[%clk 0:26:44]} 47. bxc4
{[%clk 0:18:45]} b3 {[%clk 0:27:00]} 48. Nf5+ {[%clk 0:14:24]} Nxf5
{[%clk 0:27:24]} 49. Bxf5 {[%clk 0:14:52]} Qc6+ {[%clk 0:27:39]} 50. f3
{[%clk 0:15:09]} Qxc4 {[%clk 0:27:48]} 51. Be4 {[%clk 0:15:25]} Qc5
{[%clk 0:24:36]} 52. Qb7 {[%clk 0:13:57]} Qc4 {[%clk 0:22:41]} 53. Qc8
{[%clk 0:12:16]} Nd5 {[%clk 0:22:30]} 54. Qb8 {[%clk 0:09:38]} Nc3
{[%clk 0:22:00]} 55. Qe5+ {[%clk 0:08:35]} f6 {[%clk 0:22:25]} 56. Qe7+
{[%clk 0:09:04]} Qf7 {[%clk 0:22:49]} 57. Qb4 {[%clk 0:09:31]} Nxe4
{[%clk 0:22:50]} 58. fxe4 {[%clk 0:09:45]} Qe6 {[%clk 0:22:32]} 59. Kh2
{[%clk 0:06:06]} Kh6 {[%clk 0:22:36]} 60. Kg1 {[%clk 0:05:29]} h4
{[%clk 0:18:17]} 61. gxh4 {[%clk 0:04:50]} Qg4+ {[%clk 0:16:11]} 62. Kf2
{[%clk 0:05:19]} Qxh4+ {[%clk 0:16:05]} 63. Ke3 {[%clk 0:05:32]} Qg3+
{[%clk 0:15:08]} 64. Kd4 {[%clk 0:04:26]} b2 {[%clk 0:13:25]} 65. Kc4
{[%clk 0:02:54]} Qe5 {[%clk 0:12:37]} 66. Kd3 {[%clk 0:00:32]} f5
{[%clk 0:11:56]} 67. Qb6+ {[%clk 0:00:34]} Kh5 {[%clk 0:12:09]} 68. Kc2
{[%clk 0:00:33]} fxe4 {[%clk 0:11:11]} 69. Qe3 {[%clk 0:00:58]} Qh2+
{[%clk 0:08:59]} 70. Kb1 {[%clk 0:01:21]} Qg2 {[%clk 0:09:23]} 71. Qf4
{[%clk 0:00:49]} Qe2 {[%clk 0:09:36]} 72. Qf5+ {[%clk 0:00:34]} Kh4
{[%clk 0:10:00]} 73. Qf4+ {[%clk 0:00:38]} Kh3 {[%clk 0:10:25]} 74. Qh6+
{[%clk 0:00:49]} Kg2 {[%clk 0:10:33]} 75. Qg5+ {[%clk 0:00:35]} Kf1
{[%clk 0:10:44]} 76. Qh6 {[%clk 0:00:32]} Qg2 {[%clk 0:08:01]} 77. Qa6+
{[%clk 0:00:35]} Ke1 {[%clk 0:07:58]} 78. Qa3 {[%clk 0:00:34]} Qd2
{[%clk 0:04:31]} 79. Qg3+ {[%clk 0:01:01]} Kd1 {[%clk 0:04:52]} 80. Qg1+
{[%clk 0:00:32]} Qe1 {[%clk 0:05:14]} 81. Qg4+ {[%clk 0:00:45]} Qe2
{[%clk 0:04:54]} 82. Qg1+ {[%clk 0:00:52]} Kd2 {[%clk 0:05:17]} 83. Qg5+
{[%clk 0:00:34]} Kd3 {[%clk 0:04:15]} 84. Qb5+ {[%clk 0:00:35]} Ke3
{[%clk 0:04:39]} 85. Qg5+ {[%clk 0:00:53]} Kf2 {[%clk 0:05:03]} 86. Qh4+
{[%clk 0:00:48]} Kg2 {[%clk 0:05:27]} 87. Qg5+ {[%clk 0:01:14]} Kf1
{[%clk 0:05:53]} 88. Qh6 {[%clk 0:01:11]} Qf3 {[%clk 0:03:49]} 89. Qc6
{[%clk 0:00:46]} Kg2 {[%clk 0:02:13]} 90. Qc2+ {[%clk 0:00:32]} Kf1
{[%clk 0:02:15]} 91. Qc6 {[%clk 0:00:32]} Kg2 {[%clk 0:01:59]} 92. Qc2+
{[%clk 0:00:58]} Kg1 {[%clk 0:01:57]} 93. Qc6 {[%clk 0:01:09]} Qf1+
{[%clk 0:02:02]} 94. Kxb2 {[%clk 0:01:34]} e3 {[%clk 0:02:28]} 95. Qc5
{[%clk 0:00:35]} Qf2+ {[%clk 0:02:53]} 96. Kb1 {[%clk 0:00:32]} e2
{[%clk 0:03:10]} 97. Qg5+ {[%clk 0:00:54]} Kf1 {[%clk 0:02:30]} 98. Qb5
{[%clk 0:01:23]} Qe3 {[%clk 0:02:03]} 99. Qf5+ {[%clk 0:01:34]} Qf2
{[%clk 0:02:03]} 100. Qb5 {[%clk 0:02:00]} Qf3 {[%clk 0:02:21]} 101. Ka2
{[%clk 0:00:48]} Qe4 {[%clk 0:02:34]} 102. Ka1 {[%clk 0:00:33]} Kf2
{[%clk 0:01:47]} 103. Qc5+ {[%clk 0:00:53]} Kg2 {[%clk 0:00:51]} 104. Qg5+
{[%clk 0:01:18]} Kf2 {[%clk 0:01:17]} 105. Qc5+ {[%clk 0:01:32]} Qe3
{[%clk 0:01:20]} 106. Qf5+ {[%clk 0:01:29]} Qf3 {[%clk 0:01:08]} 107. Qc5+
{[%clk 0:01:46]} Kf1 {[%clk 0:01:18]} 108. Qb5 {[%clk 0:01:34]} Qc3+
{[%clk 0:00:51]} 109. Ka2 {[%clk 0:00:40]} Kf2 {[%clk 0:00:46]} 110. Qf5+
{[%clk 0:00:53]} Ke3 {[%clk 0:00:59]} 111. Qg5+ {[%clk 0:01:00]} Kd3
{[%clk 0:01:21]} 112. Qf5+ {[%clk 0:00:50]} Kd2 {[%clk 0:01:39]} 113. Qg5+
{[%clk 0:00:33]} Kc2 {[%clk 0:01:47]} 114. Qg6+ {[%clk 0:00:32]} Kc1
{[%clk 0:01:35]} 115. Qg1+ {[%clk 0:00:31]} e1=Q {[%clk 0:01:34]} 116. Qg5+
{[%clk 0:00:32]} Qed2+ {[%clk 0:01:59]} 0-1